000 00311nam a2200109Ia 4500
008 220204s9999 xx 000 0 und d
082 _a82-3
_bSHA
100 _aShakespeare, William
245 0 _aRomeo and Juliet; As you like it;Macbeth and King Lear; The Merchant of Venice
260 _aJava
_bDax
942 _cBK
999 _c38641
_d38641